Nezdaniteľná časť základu dane z príjmov fyzických osôb

Sumy, ktoré možno odrátať pri zdanení fyzických osôb za r. 1995. Zákonom stanovené podmienky, za akých si môže daňovník znížiť základ dane o jeho nezdaniteľnú časť. Vyživovanie detí. Preukazovanie dokladmi. Manžel(ka) ako vyživovaná osoba. Invalidný a čiastočne invalidný dôchodok. Odrátanie hodnoty...

Description complète

Enregistré dans:
Détails bibliographiques
Auteur principal: Piršelová, Dagmar
Format: Chapitre de livre
Langue:slovaque
Sujets:
Tags: Ajouter un tag
Pas de tags, Soyez le premier à ajouter un tag!

MARC

LEADER 00000naa a2200000 4500
001 r019954
005 20230801103523.1
041 0 |a slo 
044 |a SK 
245 1 0 |a Nezdaniteľná časť základu dane z príjmov fyzických osôb  |c Dagmar Piršelová 
520 |a Sumy, ktoré možno odrátať pri zdanení fyzických osôb za r. 1995. Zákonom stanovené podmienky, za akých si môže daňovník znížiť základ dane o jeho nezdaniteľnú časť. Vyživovanie detí. Preukazovanie dokladmi. Manžel(ka) ako vyživovaná osoba. Invalidný a čiastočne invalidný dôchodok. Odrátanie hodnoty darov. 
610 2 0 |a Slovensko 
610 2 0 |a 1995 
610 2 0 |a 1996 
610 2 0 |a dane z príjmov 
610 2 0 |a osoby fyzické 
610 2 0 |a deti 
610 2 0 |a dôchodky invalidné 
610 2 0 |a dary 
100 1 |a Piršelová, Dagmar